LEADER 01337nam a2200325 a 4500 001 000000121123 003 CaOOAMICUS 005 20100409142538.0 008 100409t2009 it u000 u ita r 020 $a978-88-217-3105-1 040 $aPUL$bita$dReb 082 04$a346.015 100 1 $aFacci, Giovanni.$0(OLS)http://pul/name/66319 245 12$aI nuovi danni nella famiglia che cambia /$cFacci, Giovanni. 250 $a2. ed. 260 $a[S.l.] :$bIpsoa,$cİ2009. 300 $axii, 375 p. ;$c24 cm. 490 1 $aNuovi percorsi di diritto di famiglia ;$v6 504 $aBibliografia in nota. 650 4$aDanni (diritto).$0(OLS)http://pul/subject/18815 650 4$aFamiglia (diritto).$0(OLS)http://pul/subject/1842 830 0$aNuovi percorsi di diritto di famiglia ;$v6.$0(OLS)http://pul/title/136074 850 $aPUL 852 $aPUL$W1$xSL Diritto e Scienze Sociali 3$y79$m346. 015 FAUGI 1$j138883$qDDC 21$B138122$CPULBib$Z2$F138122 $H111644 $82 941 1 $a9 960 $aDanno (diritto)$918815 996 $6020$a978-88-217-3105-1$9(OLS)http://pul/number/143784 996 $6082$a346.015$9(OLS)http://pul/classification/383 996 $6245$aI nuovi danni nella famiglia che cambia$9(OLS)http://pul/title/136075 996 $6260$a[S.l.] :$bIpsoa$9(OLS)http://pul/publisher/77155 LEADER 01328nam a2200313 a 4500 001 000000128921 003 CaOOAMICUS 005 20120518143053.0 008 120518s2008 it a u000 u ita r 020 $a978-88-8483-841-4 040 $aPUL$bita 082 04$a291 245 03$aLe religioni del Mediterraneo :$bfilosofia, religione, cultura /$ca cura di Angela Ales Bello e Patrizia Manganaro . 260 $aMilano ; Udine :$bMimesis,$cİ2008. 300 $a225 p. :$bill. ;$c21 cm. 490 1 $aFilosofie 504 $aBibliografia in nota. 650 4$aReligione comparata.$0(OLS)http://pul/subject/22394 700 1 $aAles Bello, Angela,$d1939-$0(OLS)http://pul/name/22845 700 1 $aManganaro, Patrizia,$d1964-$0(OLS)http://pul/name/26746 830 0$aFilosofie (Mimesis).$0(OLS)http://pul/title/142788 850 $aPUL 852 $aPUL$W1$xSL Religione 3$y85$m291 ALEAN 1$j149312$qDDC 21$B147835$CPULBib$Z2$F147835 $H119895 $82 941 1 $a9 996 $6020$a978-88-8483-841-4$9(OLS)http://pul/number/149706 996 $6082$a291$9(OLS)http://pul/classification/603 996 $6245$aLe religioni del Mediterraneo :$bfilosofia, religione, cultura$9(OLS)http://pul/title/162914 996 $6260$aMilano ; Udine :$bMimesis$9(OLS)http://pul/publisher/81060